| 000 | 00582nam a22001937a 4500 | ||
|---|---|---|---|
| 003 | KOHA_MİRAKIL | ||
| 005 | 20251209114525.0 | ||
| 008 | 251209b tu ||||| |||| 00| 0 tur d | ||
| 020 | _a9786057263766 | ||
| 040 |
_aTR-AnABB _btur _cTR-AnABB |
||
| 041 | _atur | ||
| 082 |
_a297.82424391 _bISC |
||
| 100 | 1 | _aKökel, Coşkun, | |
| 245 | 1 | 0 |
_aGül Baba zaviyesi ve türbesi / _cDr. Coşkun Kökel |
| 260 |
_aAnkara : _bTürkmen Alevi Ocakları Birliği Kültür Eğitim ve Sağlık Vakfı, _c2023 |
||
| 300 |
_a147 sayfa ; _c28 cm |
||
| 650 | 0 | 4 | _aTarih |
| 942 |
_2ddc _cBK |
||
| 999 |
_c9735 _d9735 |
||
| 900 | _bGizem YORULMAZ | ||